Simplified paragraph skills

Bibliographic Details
Main Author: Ploeger, Katherine M.
Format: Book
Published: Illinois : NTC Publishing Group , 1999
Subjects:

MARC

LEADER 00000cam a2200000 7i4500
001 0000050210
005 20020116.0
020 |a 0844203459 
090 0 0 |a 808.042   |b PLO 
100 1 |a Ploeger, Katherine M. 
245 1 0 |a Simplified paragraph skills   |c Katherine M. Ploeger 
260 |a Illinois :   |b NTC Publishing Group ,   |c 1999 
300 |a 560p. ;   |c 23cm. 
650 0 0 |a English language   |x Paragraphs 
650 0 0 |a English language   |x Paragraphs   |x Problems,exercises,etc. 
999 |a 117527   |b BUKU   |c RUJUKAN   |e PERPUSTAKAAN KOMUNITI PETALING JAYA